000 00450nam a2200181Ia 4500
008 131103s9999 xx 000 0 und d
020 _a067163951x
040 _aLoreto College
041 _aEnglish
082 _aF/DAI
_bLCBED/10467
100 _aDailey, Janet
245 4 _aThe great alone
_cJanet Dailey
260 _aNew York
_bPocket
_c1987
300 _a817p.
_c 18cm.
650 _aEnglish Fiction
850 _aLCBED/F/DAI
942 _cBK
999 _c32628
_d83107